Daruma - Népal - Statistiques

Statistiques générales
  • Ce quiz a été pris 11 fois
  • Le résultat moyen est 154 sur 297
Statistiques - réponses
Réponse % Correct
a
100%
à
100%
le
100%
peint
100%
Spicy J
100%
aléas,
83%
couleur
83%
dans
83%
et
83%
J'ai
83%
j'ai
83%
La
83%
la
83%
lavande,
83%
Les
83%
les
83%
ma
83%
mental
83%
pas
83%
scaphandre
83%
un
83%
voir
83%
affronte,
67%
avance
67%
comme
67%
de
67%
des
67%
du
67%
en
67%
En
67%
j'les
67%
J'veux
67%
mal
67%
No
67%
no
67%
No.
67%
On
67%
on
67%
personne
67%
piges
67%
plus
67%
Que
67%
refonte
67%
revente
67%
revente,
67%
te
67%
triplette
67%
tu
67%
va
67%
voit
67%
2018
50%
barrières,
50%
battent
50%
bre-ch',
50%
Call
50%
capote
50%
chignon
50%
cinq
50%
citer,
50%
daruma
50%
despi
50%
Duty
50%
enfonce
50%
faut
50%
fonte
50%
fréquences
50%
glaces,
50%
Ils
50%
j'l'entendrai
50%
jugèrent
50%
j'vois
50%
l'ciel
50%
l'futur
50%
nazis
50%
non
50%
of
50%
ondulent
50%
ou
50%
puis
50%
qu'des
50%
qui
50%
qu'on
50%
repop
50%
samouraïs
50%
s'en
50%
Spike Lee,
50%
tah
50%
tant
50%
Tellement
50%
tiré
50%
utile
50%
Wesh
50%
wolof
50%
2-4-7
33%
7-5
33%
ainsi
33%
aucune
33%
aveugle
33%
blessure
33%
bonnes
33%
car
33%
cauchemar
33%
cavités,
33%
chance,
33%
choses
33%
colmatable,
33%
commencer
33%
confiance
33%
crapauds,
33%
d'blases
33%
décale
33%
d'être
33%
d'hommes
33%
dire,
33%
dix
33%
d'la
33%
donc
33%
double
33%
envoie
33%
esprit,
33%
exposé
33%
faisant
33%
finir
33%
fixé
33%
frelon,
33%
frontières
33%
game
33%
game,
33%
gauche
33%
gravité
33%
Hey,
33%
hey
33%
Hors
33%
Ici,
33%
in
33%
j'te
33%
ki,
33%
lâché
33%
Laisse
33%
laisse
33%
L'ange
33%
l'espace
33%
lesquelles
33%
l'reformuler
33%
l'teau-mar
33%
matin,
33%
mutations
33%
nuit
33%
peintre
33%
Persévérance
33%
peu
33%
peux
33%
placée
33%
plaies,
33%
pour
33%
près,
33%
qu'ça
33%
question
33%
rebelote
33%
regard
33%
remise
33%
reste
33%
risquerais
33%
si
33%
signé
33%
smokin'
33%
soigner
33%
sous-titrés?
33%
steaks
33%
studio
33%
sur
33%
t'avais
33%
t'es
33%
t'es,
33%
tes
33%
teubés
33%
the
33%
ton
33%
train
33%
très
33%
up,
33%
vingt
33%
vivre
33%
y'a
33%
beaucoup
17%
change,
17%
Cormega
17%
despacitée,
17%
d'jambes
17%
d'l'efficacité,
17%
écartées
17%
fou
17%
gée-char
17%
Hanuman,
17%
J'deviens
17%
l'under
17%
mains,
17%
midi
17%
mille
17%
philippin,
17%
président
17%
prière
17%
Quand
17%
quette-ma,
17%
rap
17%
serpents,
17%
solo,
17%
Trixe-ma
17%
Aucun quiz correspondant
Distribution des résultats
% des personnes avec chaque résultat
Percentile par nombre de réponses
Votre historique - résultats
Vous n’avez pas pris ce quiz